Les États Américains commençant par la lettre M - Statistiques

Statistiques générales
  • Ce quiz a été pris 156 fois
  • Le résultat moyen est 6 sur 8
Statistiques - réponses
Hint Réponse % Correct
5 Minnesota
87%
6 Mississippi
85%
3 Massachusetts
83%
7 Missouri
81%
1 Maine
78%
4 Michigan
78%
2 Maryland
77%
8 Montana
73%
Aucun quiz correspondant
Distribution des résultats
% des personnes avec chaque résultat
Percentile par nombre de réponses
Votre historique - résultats
Vous n’avez pas pris ce quiz